[Event "II Cotroceni Women"]
[Site "Bucharest ROU"]
[Date "2011.03.02"]
[Round "1"]
[White "Turova, Irina"]
[Black "Cosma, Elena-Luminita"]
[Result "1-0"]
[WhiteElo "2428"]
[BlackElo "2343"]
[PlyCount "95"]
[EventDate "2011.03.01"]

1. c4 e6 2. Nc3 d5 3. d4 c6 4. e4 Bb4 5. cxd5 exd5 6. e5 c5 7. Be3 cxd4 8. Bxd4
Nc6 9. Bb5 Nge7 10. Nge2 O-O 11. O-O Nf5 12. Bxc6 bxc6 13. Na4 Re8 14. Qc2 Ba6
15. Qxf5 Bxe2 16. Rfc1 Qh4 17. f4 g6 18. Qg5 Qxg5 19. fxg5 Be7 20. h4 h6 21.
Kf2 Bb5 22. Nc5 hxg5 23. hxg5 a5 24. Rc3 Bxc5 25. Rxc5 Re6 26. a4 Bc4 27. Ra3
Kf8 28. Rf3 Ke8 29. b3 Ba6 30. Rxa5 Bb7 31. Rc5 Bc8 32. Rc1 Re7 33. Rh1 c5 34.
Rh8+ Kd7 35. Bxc5 Rxe5 36. Rxf7+ Kc6 37. b4 Be6 38. Rxa8 Bxf7 39. Ra6+ Kd7 40.
Ra7+ Ke8 41. a5 d4 42. Bxd4 Re4 43. Bc5 Bc4 44. a6 Re2+ 45. Kg3 Kd8 46. Ra8+
Kc7 47. a7 Rxg2+ 48. Kf4 1-0

[Event "II Cotroceni Women"]
[Site "Bucharest ROU"]
[Date "2011.03.02"]
[Round "1"]
[White "Repkova, Eva"]
[Black "Socko, Monika"]
[Result "0-1"]
[WhiteElo "2446"]
[BlackElo "2495"]
[PlyCount "44"]
[EventDate "2011.03.01"]

1. e4 c5 2. b3 Nc6 3. Bb2 d6 4. f4 Nf6 5. Nc3 g6 6. Bb5 Bg7 7. Bxc6+ bxc6 8. d3
O-O 9. Qf3 Qa5 10. Nge2 Bg4 11. Qe3 Bxe2 12. Kxe2 Nh5 13. e5 Bh6 14. Rhf1 dxe5
15. Ne4 Bxf4 16. Qh3 f5 17. g3 Bh6 18. Bxe5 c4 19. Bc3 cxd3+ 20. cxd3 Qd5 21.
Nd2 Rad8 22. Rf3 Bxd2 0-1

[Event "II Cotroceni Women"]
[Site "Bucharest ROU"]
[Date "2011.03.03"]
[Round "2"]
[White "Gunina, Valentina"]
[Black "Turova, Irina"]
[Result "1-0"]
[WhiteElo "2472"]
[BlackElo "2428"]
[PlyCount "75"]
[EventDate "2011.03.01"]

1. d4 Nf6 2. Nf3 e6 3. c4 b6 4. g3 Ba6 5. b3 d5 6. Bg2 dxc4 7. Ne5 Bb4+ 8. Kf1
Bd6 9. Nxc4 Nd5 10. e4 Ne7 11. Bb2 Nbc6 12. Nbd2 e5 13. d5 Nd4 14. Bxd4 exd4
15. Kg1 O-O 16. Nf3 c5 17. e5 Bb8 18. d6 Nc6 19. h4 Bb7 20. Ng5 h6 21. e6 Qf6
22. e7 Re8 23. Qh5 d3 24. Rd1 b5 25. Nxf7 g6 26. Qxh6 Qxf7 27. Bd5 Qxd5 28.
Qxg6+ Kh8 29. Qxe8+ Kh7 30. Qd7 Ne5 31. Qf5+ Kh6 32. Qg5+ Kh7 33. Qh5+ Kg7 34.
Qxe5+ Qxe5 35. Nxe5 Bxd6 36. Rxd3 Bxe5 37. Rd8 Bf6 38. Rxa8 1-0

[Event "II Cotroceni Women"]
[Site "Bucharest ROU"]
[Date "2011.03.09"]
[Round "7"]
[White "Repkova, Eva"]
[Black "Muzychuk, Mariya"]
[Result "0-1"]
[WhiteElo "2446"]
[BlackElo "2476"]
[PlyCount "128"]
[EventDate "2011.03.01"]

1. e4 c5 2. Nf3 e6 3. d4 cxd4 4. Nxd4 a6 5. Nc3 Qc7 6. g3 Bb4 7. Nde2 Nf6 8.
Bg2 Be7 9. O-O Nc6 10. h3 h5 11. Be3 d6 12. a4 g6 13. Qd2 Kf8 14. a5 Nxa5 15.
Na4 Nc6 16. Qc3 Kg7 17. Nf4 Bd7 18. Nb6 Rae8 19. Nfd5 Qd8 20. Nxe7 Nxe7 21. Bg5
Neg8 22. Nc4 Bb5 23. Rfd1 Bxc4 24. e5 d5 25. exf6+ Kh7 26. g4 Qc8 27. gxh5 Nh6
28. hxg6+ Kxg6 29. Qg3 Nf5 30. Qg4 Be2 31. Qxe2 Kxg5 32. Qe5 Qb8 33. f4+ Kg6
34. Ra3 Qxe5 35. fxe5 Rc8 36. Rd2 Rh4 37. Bf1 Nd4 38. Rf2 Rh5 39. Rg3+ Kh6 40.
Rg7 Rg5+ 41. Rg2 Nf3+ 42. Kf2 Rxg2+ 43. Kxg2 Nxe5 44. c3 Rf8 45. Rg3 Nd7 46. c4
dxc4 47. Bxc4 Nxf6 48. Rf3 Ne4 49. Rf4 Rg8+ 50. Kh2 Nd6 51. Bd3 f5 52. Rb4 b5
53. Rh4+ Kg7 54. Rf4 Kf6 55. Rf1 Nf7 56. Ra1 Ne5 57. Be2 Rd8 58. Kg2 Rd2 59.
Kf1 f4 60. Rxa6 Rxb2 61. Ra8 Kf5 62. Ra5 b4 63. Bd3+ Kf6 64. Ba6 b3 0-1

[Event "II Cotroceni Women"]
[Site "Bucharest ROU"]
[Date "2011.03.09"]
[Round "7"]
[White "Socko, Monika"]
[Black "Muzychuk, Anna"]
[Result "0-1"]
[WhiteElo "2495"]
[BlackElo "2528"]
[PlyCount "74"]
[EventDate "2011.03.01"]

1. d4 Nf6 2. c4 e6 3. Nc3 Bb4 4. e3 O-O 5. Nge2 d5 6. a3 Be7 7. cxd5 exd5 8.
Ng3 c5 9. Be2 Nc6 10. O-O cxd4 11. exd4 Be6 12. f4 Rc8 13. Be3 Na5 14. f5 Bd7
15. Rc1 Re8 16. Bf2 Bd6 17. b4 Nc4 18. Bxc4 Rxc4 19. Nxd5 Rxc1 20. Nxf6+ Qxf6
21. Qxc1 Bxf5 22. Qc4 Bd7 23. d5 Rc8 24. Bc5 Qe5 25. Kh1 f6 26. Qb3 Bxc5 27.
bxc5 Rxc5 28. Qxb7 Qxd5 29. Qb8+ Bc8 30. Rb1 h5 31. Ne2 a6 32. h3 Kh7 33. Nf4
Qe4 34. Rf1 Bb7 35. Kh2 Rc2 36. Rg1 Rf2 37. Kg3 Qe3+ 0-1